Los Nuevos movimientos sociales /
Guardado en:
| Hovedforfatter: | |
|---|---|
| Format: | Texto |
| Tags: |
Tilføj Tag
Ingen Tags, Vær først til at tagge denne postø!
|
MARC
| LEADER | 00000 a a2200000 04500 | ||
|---|---|---|---|
| 001 | 10985 | ||
| 003 | |||
| 040 | |||
| 100 | |a Sousa Santos, Boaventura de | ||
| 245 | |a Los Nuevos movimientos sociales / |c Boaventura de Sousa Santos | ||
| 773 | |g volumen 2, número 5; páginas 177-184 | ||
| 999 | |c 32484 |d 32484 | ||
